50 Joueurs les plus utilisés en proD2 24-25 - Statistiques

Statistiques générales
  • Ce quiz a été pris 3 fois
  • Le résultat moyen est 8 sur 50
Statistiques - réponses
Minutes Joueur % Correct
1860 Anthony Coletta
100%
2011 Lucas Meret
100%
2098 Adrien Lapegue
50%
1601 Arthur Coville
50%
1826 Baptiste Mouchous
50%
1568 Caleb Timu
50%
1840 Iban Etcheverry
50%
1939 Mathieu Acebes
50%
2020 Mathis Ferte
50%
1802 Retief Marrais
50%
1582 Shaun Reynolds
50%
1622 Thomas Dolhagaray
50%
1674 Ugo Seunes
50%
1657 Willem du Plessis
50%
1680 Andres Zafra
0%
1679 Arthur Mathiron
0%
1688 charly gambini
0%
1874 Curwin Bosch
0%
1915 Erwan Dridi
0%
1797 Gabin Lorre
0%
1792 Gatien Masse
0%
1557 gillian Benoy
0%
1736 ioane iashagashvili
0%
1825 Izack Rodda
0%
1779 Jean-Baptiste Singer
0%
1777 Jean Thomas
0%
1567 Jesyy Jegerlehner
0%
1817 Joris Moura
0%
1606 Julien Farnoux
0%
1751 Karl Martin
0%
1922 Kaveinga Finau
0%
1948 Kevin Lebreton
0%
1606 Kylian Jaminet
0%
1941 Kylian Ringuet
0%
1657 Loris Tolot
0%
1666 Louis Marrou
0%
1649 Louis Suaud
0%
1739 Lucas Mensa
0%
1837 Lucas Oudard
0%
1668 Nacani Wakaya
0%
2047 Pierre Courtaud
0%
1759 Ryan Mccauley
0%
1591 Sikumbuzu Notche
0%
1829 Simon Renda
0%
1577 Stephane Ahmed
0%
1881 Teimana Harrison
0%
1789 valentin Gayraud
0%
1592 Vincent Pinto
0%
1615 Wilfried Hulleu
0%
1638 Zach Kibirige
0%
Aucun quiz correspondant
Distribution des résultats
% des personnes avec chaque résultat
Percentile par nombre de réponses
Votre historique - résultats
Vous n’avez pas pris ce quiz